01477nam a22003737a 4500003000500000005001700005008004100022010001000063011001000073035001000083040000900093090001000102100004500112245016200157260004000319300002200359502009600381590003700477590004100514590004100555590004100596590004100637590004100678590004200719650003900761650003200800650002800832650004500860901000700905942001000912949003600922999001700958952012800975CHAP20220329135734.0971013s1982 r 00010 d a41311 a42283 a46411 cCHAP aTesis00aEnkerlin Hoeflich, Walter Raúl.936997 aFactores de mortalidad que regulan las poblaciones invernantes del gusano barrenador del ruezno (Laspeyresia caryana Fitch) en Villa de Juárez, N. L., 1982 aMonterrey, N. L. :bEl autor,c1982 a65 h.b; gráfs. aTesis (Ing. Agr. Parasitologo) -- ITESM. División de Ciencias Agropecuarias y Marítimas aALEPHb10c20130110lUCH01h1310 aBATCH-UPDb10c20130109lUCH01h2345 aBATCH-UPDb10c20130110lUCH01h2116 aBATCH-UPDb10c20130409lUCH01h1915 aBATCH-UPDb10c20130410lUCH01h1426 aBATCH-UPDb10c20130914lUCH01h1308 aCONVERSIONb10c20130109lUCH01h132314aFríoxEfecto en insectos.94353414aLaspeyresia caryana.96502914aPecánxPlagas.98649814aTemperaturaxEfecto en insectos.9112202 aBK cTESIS bBCcTESd-105838eTS1i46411si c41311d41311 00102local4051718TESISaBCbBCcPA_TESISd2012-12-17fTESISl0oTesisp-105838r2019-12-31 00:00:00w2019-12-31yTESIS